|
|
|
|
| LEADER |
00000cam a2200000 7i4500 |
| 001 |
0000001217 |
| 005 |
20140213.0 |
| 090 |
0 |
0 |
|a 333.95416
|b DEV 2000
|
| 245 |
0 |
0 |
|a DEVELOPMENT of Lanjak-Entimau Wildlife Sanctuary as a totally protected ares; phase I & II, 1993-1999 :
|b Scientific report
|c edited by E. Soepadmo, Paul P. K. Chai
|
| 260 |
0 |
0 |
|a Kuching, Sarawak :
|b Sarawak Forest Department ,
|c 2000
|
| 300 |
|
|
|a xxii, 264 p. :
|b col. ill., maps ;
|c 26 cm.
|
| 500 |
0 |
0 |
|a Includes bibliographical references
|
| 650 |
0 |
0 |
|a Wildlife conservation
|z Sarawak
|
| 650 |
0 |
0 |
|a Wildlife management
|z Sarawak
|
| 700 |
0 |
1 |
|a Chai
|h Paul P. K.
|
| 700 |
0 |
1 |
|a SOEPADMO
|h E.
|
| 710 |
1 |
1 |
|a International Tropical Timber Organization (ITTO)
|
| 710 |
1 |
1 |
|a Sarawak Forest Department
|
| 998 |
|
|
|a JPSM
|
| 999 |
|
|
|a 0000002304
|b Monograph
|c Open Shelf
|e Default branch
|
| 999 |
|
|
|a 0000006469
|b Monograph
|c Open Shelf
|e Default branch
|